[Event "138th New York State Ch. U2100"]
[Site "Colonie,NY"]
[Date "2016.09.04"]
[Round "4"]
[White "Bogin, Theodore"]
[Black "Felber, Joseph J"]
[Result "0-1"]
[WhiteElo "1826"]
[BlackElo "2022"]
[PlyCount "103"]
[EventDate "2016.09.??"]
[EventRounds "6"]
[EventCountry "USA"]

1. e4 c6 2. d4 d5 3. Nc3 dxe4 4. Nxe4 Nf6 5. Nxf6+ gxf6 6. g3 Bf5 7. Bg2 e6 8.
Nf3 Qc7 9. Nh4 Bg6 10. Nxg6 hxg6 11. Be3 Nd7 12. Qd2 Nb6 13. b3 Nd5 14. O-O
O-O-O 15. c4 Bb4 16. Qc2 Nxe3 17. fxe3 Be7 18. Qf2 Rh5 19. Bf3 Rh7 20. Rab1 g5
21. Kg2 f5 22. b4 g4 23. Be2 Rdh8 24. Rh1 Kd7 25. d5 cxd5 26. cxd5 Qe5 27.
dxe6+ fxe6 28. Rbd1+ Bd6 29. Rd4 Ke7 30. e4 f4 31. gxf4 Qxf4 32. Qxf4 Bxf4 33.
Bxg4 Rxh2+ 34. Rxh2 Rxh2+ 35. Kf3 Be5 36. Rd1 Rxa2 37. Rh1 Ra3+ 38. Ke2 Rg3 39.
Rh7+ Kd6 40. Bh3 Bd4 41. e5+ Kxe5 42. Rh6 Re3+ 43. Kd2 Kd6 44. Bg4 Re4 45. Bf3
Be3+ 46. Kd3 Bxh6 47. Bxe4 b6 48. Kc4 a5 49. Kb5 axb4 50. Kxb4 Ke5 51. Bb1 Be3
52. Kc3 0-1

[Event "138th New York State Ch. U2100"]
[Site "Colonie,NY"]
[Date "2016.09.04"]
[Round "4"]
[White "Craig, Peter A"]
[Black "Yung, Ethan"]
[Result "0-1"]
[WhiteElo "1810"]
[BlackElo "1972"]
[PlyCount "106"]
[EventDate "2016.09.??"]
[EventRounds "6"]
[EventCountry "USA"]

1. e4 g6 2. d4 d6 3. Nf3 Bg7 4. Nc3 Nd7 5. Be2 c5 6. O-O cxd4 7. Nxd4 Ngf6 8.
Be3 O-O 9. Nb3 b6 10. Qd2 Bb7 11. Bf3 Ne5 12. Qe2 Qd7 13. Bd4 Nxf3+ 14. Qxf3 e5
15. Be3 Nxe4 16. Nxe4 f5 17. Qe2 Bxe4 18. Rfd1 Qc6 19. f3 Bd5 20. Qd3 Bxb3 21.
Qxb3+ Kh8 22. Rd5 Rac8 23. c3 Rfe8 24. Rad1 Bf8 25. Bg5 Kg7 26. Qb4 Qc4 27. Qa3
Rc7 28. b3 Qc6 29. c4 h6 30. Bh4 Rf7 31. Qb2 Kh7 32. Be1 a5 33. Bf2 e4 34. f4
e3 35. Bg3 Bg7 36. Qe2 Re6 37. R1d3 Rfe7 38. Bh4 Re8 39. Be1 Bf8 40. Bc3 Bg7
41. Bxg7 Kxg7 42. Rc3 Qc7 43. Rdd3 Re4 44. g3 g5 45. fxg5 hxg5 46. Rd5 Kg6 47.
Rcd3 R8e6 48. Kf1 Qe7 49. Rb5 Qf8 50. Rxb6 f4 51. gxf4 Rxf4+ 52. Kg1 Rf2 53.
Qe1 Qf3 0-1

[Event "138th New York State Ch. U2100"]
[Site "Colonie,NY"]
[Date "2016.09.04"]
[Round "4"]
[White "Heck, Karl T"]
[Black "Bonnell, Leo W"]
[Result "1/2-1/2"]
[WhiteElo "1800"]
[BlackElo "2010"]
[PlyCount "84"]
[EventDate "2016.09.??"]
[EventRounds "6"]
[EventCountry "USA"]

1. e4 e6 2. d3 d5 3. Nd2 c5 4. Ngf3 Nf6 5. g3 Nc6 6. Bg2 b5 7. c3 Bb7 8. O-O
Be7 9. Re1 Qc7 10. Nb3 dxe4 11. dxe4 e5 12. Bg5 c4 13. Bxf6 Bxf6 14. Nc5 Rd8
15. Qe2 Bc8 16. Qe3 O-O 17. b4 cxb3 18. Nxb3 Na5 19. Nxa5 Qxa5 20. Qc5 Rd3 21.
c4 Rc3 22. Qxb5 Qxb5 23. cxb5 Ra3 24. h3 Be6 25. Re2 Rb8 26. Rb2 Bxh3 27. Bxh3
Rxf3 28. a4 Be7 29. Rc2 Bd8 30. Rac1 Kf8 31. Rc3 Rxc3 32. Rxc3 Bb6 33. Kf1 Rd8
34. Rc8 Ke7 35. Rxd8 Bxd8 36. Ke2 Kd6 37. f3 Kc5 38. Kd3 Ba5 39. Bd7 Be1 40. g4
f6 41. Be8 Bg3 42. Bd7 Kb4 1/2-1/2

[Event "138th New York State Ch. U2100"]
[Site "Colonie,NY"]
[Date "2016.09.04"]
[Round "4"]
[White "Phelps, David B"]
[Black "Lawless, John P"]
[Result "0-1"]
[WhiteElo "1985"]
[BlackElo "1815"]
[PlyCount "100"]
[EventDate "2016.09.??"]
[EventRounds "6"]
[EventCountry "USA"]

1. c4 c5 2. Nc3 Nc6 3. g3 g6 4. Bg2 Bg7 5. d3 d6 6. e3 e5 7. Nge2 Nge7 8. Nd5
O-O 9. O-O Be6 10. f4 f5 11. fxe5 dxe5 12. e4 Rb8 13. Be3 b6 14. Qa4 a5 15.
Rad1 h6 16. h4 Bd7 17. Qc2 Nxd5 18. cxd5 Nd4 19. Nxd4 cxd4 20. Bd2 g5 21. hxg5
hxg5 22. Bc1 f4 23. Qe2 Qe8 24. g4 Rf6 25. b3 b5 26. Bd2 b4 27. Rc1 Rh6 28. Rc5
Rh4 29. Bf3 Qd8 30. Rfc1 Bf8 31. Rc7 Bd6 32. R7c2 Kf7 33. Be1 Rh6 34. Qg2 Qh8
35. Rd2 Qh7 36. Rcc2 Rh8 37. Rd1 Rh3 38. Rdc1 Kf6 39. Rd2 Qg7 40. Rdc2 R8h6 41.
Qe2 Qh8 42. Bg2 Rh1+ 43. Kf2 R6h2 44. Qf3 Rxg2+ 45. Qxg2 Rh2 46. Kg1 Rxg2+ 47.
Rxg2 Qh3 48. Rd1 Bxg4 49. Rdd2 Qe3+ 50. Kf1 Bh3 0-1

[Event "138th New York State Ch. U2100"]
[Site "Colonie,NY"]
[Date "2016.09.04"]
[Round "4"]
[White "Scott, Harold"]
[Black "Gausewitz, Glen K"]
[Result "1-0"]
[WhiteElo "2027"]
[BlackElo "1900"]
[PlyCount "51"]
[EventDate "2016.09.??"]
[EventRounds "6"]
[EventCountry "USA"]

1. d4 d5 2. Bf4 Nf6 3. e3 Bf5 4. c4 e6 5. Nc3 c6 6. Nf3 h6 7. Bd3 Bxd3 8. Qxd3
Bd6 9. Bg3 O-O 10. Ne5 Na6 11. c5 Be7 12. Nxc6 bxc6 13. Qxa6 Qd7 14. h3 Nh5 15.
Bh2 f5 16. Qe2 Nf6 17. O-O-O Ne4 18. Na4 Qb7 19. f3 Nf6 20. g4 Rae8 21. Qc2
fxg4 22. hxg4 Qb5 23. Bf4 Nh7 24. Bxh6 Rxf3 25. Qg6 Rf7 26. Bxg7 1-0

[Event "138th New York State Ch. U2100"]
[Site "Colonie,NY"]
[Date "2016.09.05"]
[Round "5"]
[White "Bonnell, Leo W"]
[Black "Craig, Peter A"]
[Result "0-1"]
[WhiteElo "2010"]
[BlackElo "1810"]
[PlyCount "76"]
[EventDate "2016.09.??"]
[EventRounds "6"]
[EventCountry "USA"]

1. d4 d5 2. c4 c6 3. Nc3 Nf6 4. e3 Bf5 5. Nf3 e6 6. cxd5 exd5 7. Bd3 Bxd3 8.
Qxd3 Be7 9. O-O O-O 10. Rb1 Nbd7 11. Bd2 Re8 12. b4 a6 13. a4 Nb6 14. Ne5 Bd6
15. f4 Nfd7 16. b5 axb5 17. axb5 c5 18. Nxd7 Qxd7 19. Rf3 c4 20. Qc2 Qe7 21.
Rh3 h6 22. g4 f6 23. Qf5 Qe6 24. Qg6 Qf7 25. Qf5 Qe6 26. Qxe6+ Rxe6 27. Rh5 Ra3
28. Rh3 Na4 29. Nxd5 c3 30. Be1 Re8 31. Rc1 Rc8 32. e4 c2 33. Rg3 Rxg3+ 34.
hxg3 Ba3 35. Bd2 Bxc1 36. Bxc1 Nc3 37. Kf1 Na2 38. Ne7+ Kh7 0-1

[Event "138th New York State Ch. U2100"]
[Site "Colonie,NY"]
[Date "2016.09.05"]
[Round "5"]
[White "Felber, Joseph J"]
[Black "Kotski, Edward J"]
[Result "1-0"]
[WhiteElo "2022"]
[BlackElo "1900"]
[PlyCount "73"]
[EventDate "2016.09.??"]
[EventRounds "6"]
[EventCountry "USA"]

1. e4 c5 2. Nf3 d6 3. d4 cxd4 4. Nxd4 Nf6 5. Nc3 g6 6. Be2 Bg7 7. Be3 Nbd7 8.
O-O a6 9. a4 h5 10. h3 Qc7 11. Qd2 b6 12. Nd5 Nxd5 13. exd5 Bb7 14. c4 Nc5 15.
b4 Ne4 16. Qd3 Nf6 17. Rac1 Qd7 18. Bf3 Bh6 19. Nc6 Bxe3 20. Qxe3 Bxc6 21. dxc6
Qc7 22. a5 bxa5 23. bxa5 Rb8 24. Rb1 O-O 25. Rb6 e5 26. Bd5 Kg7 27. Rfb1 Nxd5
28. cxd5 Ra8 29. Qe2 Rfb8 30. Qf3 Rf8 31. Qc3 Rfc8 32. Qb4 Qe7 33. Rb7 Rc7 34.
Qb6 Rxb7 35. cxb7 Rb8 36. Qxa6 Qc7 37. Qb6 1-0

[Event "138th New York State Ch. U2100"]
[Site "Colonie,NY"]
[Date "2016.09.05"]
[Round "5"]
[White "Lawless, John P"]
[Black "Chipkin, Leonard B"]
[Result "0-1"]
[WhiteElo "1815"]
[BlackElo "2023"]
[PlyCount "84"]
[EventDate "2016.09.??"]
[EventRounds "6"]
[EventCountry "USA"]

1. e4 e6 2. d4 d5 3. e5 c5 4. c3 Nc6 5. Nf3 Bd7 6. Be3 Qb6 7. Qd2 c4 8. Be2
O-O-O 9. Ng5 Nh6 10. O-O Be7 11. Qc2 Rdf8 12. Nxh7 Rfg8 13. Ng5 f6 14. Nf3 Nf7
15. exf6 gxf6 16. Nbd2 Qc7 17. Rfc1 e5 18. dxe5 fxe5 19. Nf1 Rg7 20. b4 b6 21.
Qd2 Be6 22. Rab1 Qd7 23. a4 Bf5 24. Rb2 Be4 25. g3 Rgh7 26. Qd1 Qh3 27. Ne1 Rg8
28. Bf3 Bxf3 29. Qxf3 Qe6 30. Ra1 e4 31. Qg2 Bf6 32. Rc2 Nxb4 33. Rcc1 Nc6 34.
f3 Ng5 35. fxe4 Nxe4 36. Bd2 Na5 37. Ra2 Nb3 38. Rcc2 Be7 39. Be3 Bf6 40. Bd4
Nxd4 41. cxd4 Bxd4+ 42. Kh1 Nxg3+ 0-1

[Event "138th New York State Ch. U2100"]
[Site "Colonie,NY"]
[Date "2016.09.05"]
[Round "5"]
[White "Luce, Eric J"]
[Black "Cooper, Daniel R"]
[Result "1-0"]
[WhiteElo "2032"]
[BlackElo "1916"]
[PlyCount "67"]
[EventDate "2016.09.??"]
[EventRounds "6"]
[EventCountry "USA"]

1. e4 e5 2. f4 Nc6 3. Nf3 f5 4. d4 fxe4 5. Nxe5 Nxe5 6. dxe5 d5 7. exd6 Bxd6 8.
Nc3 Nf6 9. Be2 O-O 10. Be3 Bf5 11. Nb5 a6 12. Nxd6 cxd6 13. c4 Kh8 14. Qd4 Qc7
15. h3 Qc6 16. O-O Rad8 17. b4 Be6 18. a4 d5 19. c5 Qc8 20. Kh2 Ng8 21. g4 Qc7
22. b5 axb5 23. axb5 Ra8 24. b6 Qc6 25. Rxa8 Rxa8 26. Ra1 Rf8 27. Ra5 Ne7 28.
Bb5 Qc8 29. Qe5 Nc6 30. Bxc6 Qxc6 31. Bd4 Qd7 32. f5 Bg8 33. c6 Qf7 34. cxb7
1-0

[Event "138th New York State Ch. U2100"]
[Site "Colonie,NY"]
[Date "2016.09.05"]
[Round "5"]
[White "Stenzel, Harold G"]
[Black "Heck, Karl T"]
[Result "1-0"]
[WhiteElo "2000"]
[BlackElo "1800"]
[PlyCount "49"]
[EventDate "2016.09.??"]
[EventRounds "6"]
[EventCountry "USA"]

1. e4 c5 2. Nf3 Nc6 3. d4 cxd4 4. Nxd4 e5 5. Nb5 d6 6. N1c3 a6 7. Na3 b5 8. Nd5
Be6 9. c3 Nf6 10. Bg5 Bxd5 11. Bxf6 gxf6 12. Qxd5 Qb6 13. Nc2 Rd8 14. Be2 Ne7
15. Qb3 Bh6 16. c4 Rb8 17. cxb5 axb5 18. O-O O-O 19. Rad1 f5 20. Qh3 d5 21.
exd5 Rfd8 22. Nb4 Bg7 23. Qh4 Bf6 24. Qh5 Qc5 25. Na6 1-0

[Event "138th New York State Ch. U2100"]
[Site "Colonie,NY"]
[Date "2016.09.05"]
[Round "5"]
[White "Yung, Ethan"]
[Black "Lawson, Brian"]
[Result "0-1"]
[WhiteElo "1972"]
[BlackElo "2002"]
[PlyCount "117"]
[EventDate "2016.09.??"]
[EventRounds "6"]
[EventCountry "USA"]

1. e4 c5 2. Nc3 g6 3. f4 Bg7 4. Nf3 a6 5. a4 Nc6 6. Bc4 e6 7. O-O Nge7 8. Re1
O-O 9. Bf1 d5 10. d3 Qb6 11. Kh1 Rd8 12. Qe2 Rf8 13. Nd1 Bd7 14. c3 Na5 15. Qc2
Qb3 16. Re2 Qxc2 17. Rxc2 Nb3 18. Ra3 Nxc1 19. Rxc1 Bh6 20. g3 Bc6 21. exd5
Bxd5 22. Bg2 Rfd8 23. Nf2 Nf5 24. Re1 Bf8 25. Raa1 h5 26. Nd2 b5 27. axb5 axb5
28. Bxd5 exd5 29. Nf1 d4 30. c4 bxc4 31. dxc4 Rab8 32. Rab1 Rb3 33. Nd2 Re3 34.
Nf1 Rf3 35. Kg2 Rb3 36. Nd2 Re3 37. Nf1 Rxe1 38. Rxe1 Rb8 39. Nd3 Rb3 40. Rd1
Nd6 41. Nxc5 Rxb2+ 42. Rd2 Rxd2+ 43. Nxd2 Nxc4 44. Nxc4 Bxc5 45. Ne5 Kg7 46.
Kf3 f6 47. Nd3 Bb6 48. Ke4 Kf7 49. f5 g5 50. h4 Bc7 51. hxg5 fxg5 52. g4 hxg4
53. Kxd4 Kf6 54. Ke4 Bg3 55. Nb4 Bf2 56. Nd3 g3 57. Kf3 Kxf5 58. Nxf2 gxf2 59.
Kxf2 0-1

[Event "138th New York State Ch. U2100"]
[Site "Colonie,NY"]
[Date "2016.09.04"]
[Round "6"]
[White "Le Cours, Alan R"]
[Black "Lawless, John P"]
[Result "0-1"]
[WhiteElo "1972"]
[BlackElo "1815"]
[PlyCount "64"]
[EventDate "2016.09.??"]
[EventRounds "6"]
[EventCountry "USA"]

1. e4 e6 2. d4 d5 3. Nc3 Bb4 4. e5 c5 5. a3 cxd4 6. axb4 dxc3 7. Nf3 cxb2 8.
Bxb2 Bd7 9. Bd3 Nc6 10. Qd2 h6 11. O-O a6 12. Rfb1 b5 13. Bd4 Nxd4 14. Nxd4 Qb6
15. Nb3 Ne7 16. Re1 O-O 17. Nc5 Bc6 18. Qc3 Rfc8 19. Qd4 Be8 20. Nb3 Qc7 21.
Re3 Nc6 22. Qc5 Qd7 23. Qb6 Nxb4 24. Nc5 Qc7 25. Qxc7 Rxc7 26. Nb3 Rxc2 27. Nd4
Rd2 28. Nxb5 Nxd3 29. Nc7 Rc8 30. Nxa6 Nxf2 31. Nb4 Ne4 32. Rea3 Kh7 0-1

[Event "138th New York State Ch. U2100"]
[Site "Colonie,NY"]
[Date "2016.09.05"]
[Round "6"]
[White "Berman, Jeremy"]
[Black "Gausewitz, Glen K"]
[Result "1-0"]
[WhiteElo "2054"]
[BlackElo "1900"]
[PlyCount "53"]
[EventDate "2016.09.??"]
[EventRounds "6"]
[EventCountry "USA"]

1. c4 e5 2. Nc3 d6 3. d4 exd4 4. Qxd4 Nc6 5. Qd2 g6 6. b3 Bg7 7. Bb2 Nf6 8. g3
O-O 9. Bg2 Bd7 10. Nh3 Qc8 11. Nf4 Ne5 12. O-O Bc6 13. Nfd5 Nxd5 14. cxd5 Bd7
15. Rac1 a6 16. Ne4 Qd8 17. f4 Ng4 18. Bxg7 Kxg7 19. Qc3+ f6 20. h3 Nh6 21.
Qxc7 Nf5 22. Qxd8 Raxd8 23. Rc7 Rf7 24. g4 Ne3 25. Nxd6 Re7 26. Nxb7 Rc8 27.
Rfc1 1-0

[Event "138th New York State Ch. U2100"]
[Site "Colonie,NY"]
[Date "2016.09.05"]
[Round "6"]
[White "Calderon, Zachary"]
[Black "McDermott, Michael"]
[Result "1-0"]
[WhiteElo "2021"]
[BlackElo "1873"]
[PlyCount "57"]
[EventDate "2016.09.??"]
[EventRounds "6"]
[EventCountry "USA"]

1. b3 e6 2. Bb2 Nf6 3. e3 Be7 4. f4 b6 5. Nf3 Bb7 6. Be2 d6 7. O-O Nbd7 8. Qe1
Nc5 9. d4 Nce4 10. Nbd2 O-O 11. Nxe4 Nxe4 12. Bd3 f5 13. Nd2 Nxd2 14. Qxd2 Rf6
15. Rae1 Rg6 16. e4 Bh4 17. Re2 fxe4 18. Bxe4 Bxe4 19. Rxe4 d5 20. Re3 Qd6 21.
Qe2 Rf8 22. Rff3 Rxf4 23. Ba3 c5 24. dxc5 Qb8 25. c6 Rxf3 26. Rxf3 Bf6 27.
Qxe6+ Kh8 28. Qd7 Bd4+ 29. Kf1 1-0

[Event "138th New York State Ch. U2100"]
[Site "Colonie,NY"]
[Date "2016.09.05"]
[Round "6"]
[White "Campbell, David"]
[Black "Felber, Joseph J"]
[Result "1/2-1/2"]
[WhiteElo "1973"]
[BlackElo "2022"]
[PlyCount "70"]
[EventDate "2016.09.??"]
[EventRounds "6"]
[EventCountry "USA"]

1. d4 Nf6 2. c4 g6 3. Nf3 Bg7 4. Nc3 d5 5. Qb3 c6 6. cxd5 cxd5 7. Bg5 e6 8. e3
O-O 9. Bd3 Nc6 10. O-O Bd7 11. Rac1 Na5 12. Qc2 Rc8 13. Qe2 Qb6 14. Ne5 Bc6 15.
Nxc6 Rxc6 16. Bb5 Rcc8 17. Na4 Qd6 18. Bf4 Qe7 19. h3 Ne4 20. Qe1 Rxc1 21. Qxc1
Qb4 22. Bd7 Nc4 23. a3 Qe7 24. Bb5 Ned6 25. Bxc4 Nxc4 26. Nc5 b6 27. Nd3 h6 28.
Qc2 Qd7 29. Rc1 Rc8 30. Qd1 Na5 31. Ne5 Qb7 32. Rc2 Nc4 33. Nxc4 Rxc4 34. Rxc4
dxc4 35. Qa4 b5 1/2-1/2

[Event "138th New York State Ch. U2100"]
[Site "Colonie,NY"]
[Date "2016.09.05"]
[Round "6"]
[White "Craig, Peter A"]
[Black "Frumkin, Edward A"]
[Result "1-0"]
[WhiteElo "1810"]
[BlackElo "2049"]
[PlyCount "57"]
[EventDate "2016.09.??"]
[EventRounds "6"]
[EventCountry "USA"]

1. e4 d6 2. d4 Nf6 3. Nc3 g6 4. Nf3 Bg7 5. Bc4 Nc6 6. O-O Nxe4 7. Bxf7+ Kxf7 8.
Nxe4 Rf8 9. d5 Nb8 10. Neg5+ Kg8 11. Nd4 Bxd4 12. Qxd4 e5 13. dxe6 Nc6 14. Qc3
Rf5 15. Nf7 Qf6 16. Nh6+ Kf8 17. Nxf5 Qxc3 18. Bh6+ Ke8 19. bxc3 gxf5 20. Rfe1
Nd8 21. e7 Ne6 22. Bf8 a5 23. Re3 Nxf8 24. exf8=Q+ Kxf8 25. Rae1 Bd7 26. Rh3
Be8 27. Rxh7 Bf7 28. Rh8+ Bg8 29. Rh5 1-0

[Event "138th New York State Ch. U2100"]
[Site "Colonie,NY"]
[Date "2016.09.05"]
[Round "6"]
[White "Heck, Karl T"]
[Black "Alampalli, Sandeep"]
[Result "1/2-1/2"]
[WhiteElo "1800"]
[BlackElo "1836"]
[PlyCount "40"]
[EventDate "2016.09.??"]
[EventRounds "6"]
[EventCountry "USA"]

1. e4 c5 2. Nf3 Nc6 3. Bb5 g6 4. O-O Bg7 5. Re1 a6 6. Bxc6 dxc6 7. Nc3 Nf6 8.
e5 Nd5 9. Ne4 b6 10. h3 Bf5 11. Ng3 Be6 12. Ng5 Nc7 13. d3 O-O 14. Bd2 Qd7 15.
Qe2 Rfe8 16. Rad1 Nb5 17. Nf3 Bd5 18. Ne4 Nd4 19. Nxd4 cxd4 20. Ng3 a5 1/2-1/2

[Event "138th New York State Ch. U2100"]
[Site "Colonie,NY"]
[Date "2016.09.05"]
[Round "6"]
[White "Lohrman, Ronald E"]
[Black "Guevara, Robert N"]
[Result "0-1"]
[WhiteElo "2043"]
[BlackElo "2075"]
[PlyCount "94"]
[EventDate "2016.09.??"]
[EventRounds "6"]
[EventCountry "USA"]

1. e4 c5 2. Nf3 e6 3. Nc3 a6 4. g3 Qc7 5. Bg2 d6 6. O-O Nf6 7. d4 cxd4 8. Nxd4
Be7 9. Be3 Nbd7 10. f4 Nb6 11. Bf2 O-O 12. h3 d5 13. e5 Nfd7 14. Re1 Nc4 15.
Qg4 Nc5 16. b3 Nd2 17. f5 Rd8 18. fxe6 Nde4 19. Nxe4 Nxe4 20. Nf5 g6 21. Nxe7+
Qxe7 22. exf7+ Qxf7 23. Qf4 Nxf2 24. Qxf7+ Kxf7 25. Kxf2 Be6 26. Rad1 Rac8 27.
Rd2 Rc3 28. Re3 Rdc8 29. Rxc3 Rxc3 30. h4 Ke7 31. a4 b6 32. Bxd5 Bxd5 33. Rxd5
Rxc2+ 34. Ke3 Rb2 35. Rd3 b5 36. axb5 axb5 37. Ke4 Ke6 38. Kd4 Re2 39. Rc3 Rxe5
40. Rc5 Re1 41. Rxb5 h6 42. Rb7 Kf5 43. Ra7 Re4+ 44. Kc5 Rg4 45. b4 Rxg3 46. b5
h5 47. b6 Rb3 0-1

[Event "138th New York State Ch. U2100"]
[Site "Colonie,NY"]
[Date "2016.09.05"]
[Round "6"]
[White "Stenzel, Harold G"]
[Black "Yung, Ethan"]
[Result "0-1"]
[WhiteElo "2000"]
[BlackElo "1972"]
[PlyCount "98"]
[EventDate "2016.09.??"]
[EventRounds "6"]
[EventCountry "USA"]

1. e4 g6 2. d4 d6 3. f4 Bg7 4. Nf3 Nd7 5. Nc3 e6 6. Be3 Ne7 7. Bd3 b6 8. O-O
Bb7 9. Qe1 d5 10. Ne5 Nf6 11. Bf2 dxe4 12. Nxe4 Nfd5 13. Nxf7 Kxf7 14. Ng5+ Ke8
15. Qxe6 Rf8 16. g3 Rf6 17. Qe1 Qd7 18. c4 Nxf4 19. gxf4 Rxf4 20. Ne6 Rg4+ 21.
Bg3 Bxd4+ 22. Nxd4 Qxd4+ 23. Qf2 Rd8 24. Qxd4 Rgxd4 25. Be2 Rd2 26. Rf2 Rxb2
27. Raf1 Nf5 28. Bxc7 Rdd2 29. Re1 Kd7 30. Bf4 Rdc2 31. Rd1+ Kc8 32. Kf1 Ba6
33. Bg5 h6 34. Bf4 Bxc4 35. Re1 Bxe2+ 36. Rexe2 Rxe2 37. Rxe2 Rxe2 38. Kxe2 Kd7
39. Kd3 h5 40. Ke4 Ke6 41. Bb8 a6 42. Bc7 b5 43. Bb8 a5 44. Bc7 a4 45. Ba5 Ne7
46. Kf4 Nd5+ 47. Kg5 b4 48. Kxg6 b3 49. axb3 axb3 0-1

[Event "138th New York State Ch. U1200"]
[Site "Colonie,NY"]
[Date "2016.09.03"]
[Round "1"]
[White "Patni, Krish"]
[Black "Iyengar, Satish G"]
[Result "1-0"]
[WhiteElo "832"]
[BlackElo "1159"]
[PlyCount "29"]
[EventDate "2016.09.??"]
[EventRounds "6"]
[EventCountry "USA"]

1. d4 d5 2. c4 c6 3. Nc3 Nf6 4. Bf4 e6 5. Nf3 Nbd7 6. e3 h6 7. c5 b6 8. b4 a5
9. b5 bxc5 10. bxc6 Nb6 11. c7 Qe7 12. Nb5 Nc4 13. Bxc4 dxc4 14. Qa4 Ne4 15.
Nd6# 1-0

[Event "138th New York State Ch. U1800"]
[Site "Colonie,NY"]
[Date "2016.09.04"]
[Round "3"]
[White "Qiao, Joey"]
[Black "Lionti, Michael P"]
[Result "0-1"]
[WhiteElo "1537"]
[BlackElo "1453"]
[PlyCount "62"]
[EventDate "2016.09.??"]
[EventRounds "6"]
[EventCountry "USA"]

1. e4 e6 2. d4 d5 3. exd5 exd5 4. Bd3 Bd6 5. Ne2 Ne7 6. c3 Bf5 7. Bf4 Bxd3 8.
Qxd3 O-O 9. O-O Ng6 10. Bg3 Re8 11. Nd2 c6 12. Rfe1 Na6 13. Qf3 Bxg3 14. Nxg3
Qd7 15. Nf5 Nc7 16. Qg4 Ne6 17. Nf3 f6 18. Re3 Kh8 19. Rae1 Ngf4 20. Ng3 Qf7
21. Nh4 g6 22. Ne2 f5 23. Qg3 g5 24. Nf3 Nxe2+ 25. R3xe2 Nf4 26. Nxg5 Nxe2+ 27.
Rxe2 Qg6 28. Re5 h6 29. Qh3 Qxg5 30. Qxf5 Qc1+ 31. Re1 Qxe1# 0-1

[Event "138th New York State Ch. U1800"]
[Site "Colonie,NY"]
[Date "2016.09.04"]
[Round "3"]
[White "Varosy, Gyula"]
[Black "Rao, Vinay"]
[Result "0-1"]
[WhiteElo "1642"]
[BlackElo "1464"]
[PlyCount "57"]
[EventDate "2016.09.??"]
[EventRounds "6"]
[EventCountry "USA"]

1. e4 c5 2. Nf3 d6 3. d4 cxd4 4. Nxd4 Nf6 5. Nc3 g6 6. Be3 Bg7 7. Be2 O-O 8.
O-O Bd7 9. h3 Nc6 10. Qd2 Rc8 11. Rfd1 a6 12. a4 Ne5 13. b3 Nc6 14. f4 Ne8 15.
Nd5 Nxd4 16. Bxd4 Bxd4+ 17. Qxd4 Rxc2 18. Bd3 Rc8 19. Nb6 Rc6 20. a5 Ng7 21. f5
Nh5 22. fxg6 hxg6 23. e5 Be6 24. Be4 Ng3 25. Bxc6 Ne2+ 26. Kh2 Nxd4 27. Rxd4
bxc6 28. Rd3 d5 29. b4 0-1

[Event "138th New York State Ch. U1800"]
[Site "Colonie,NY"]
[Date "2016.09.03"]
[Round "4"]
[White "Hood, Avery"]
[Black "Toifel, Ron C"]
[Result "1/2-1/2"]
[WhiteElo "1782"]
[BlackElo "1593"]
[PlyCount "126"]
[EventDate "2016.09.??"]
[EventRounds "6"]
[EventCountry "USA"]

1. d4 c6 2. Bf4 d5 3. e3 Nf6 4. c4 g6 5. Nf3 Nh5 6. Bg5 f6 7. Bh4 g5 8. Nxg5
Ng7 9. Nf3 Qa5+ 10. Nc3 Be6 11. Qb3 Qb6 12. Qxb6 axb6 13. cxd5 cxd5 14. Nb5 Kd7
15. a3 Nc6 16. Bg3 Nf5 17. Bf4 Bf7 18. g4 Ng7 19. Rc1 Ne6 20. Bg3 Bg6 21. Nh4
Bf7 22. Bg2 Ra5 23. Nc3 Nc7 24. O-O Bh6 25. Nf5 Bf8 26. b4 Rxa3 27. Bxc7 e6 28.
Nb5 Rb3 29. Ng3 Rxb4 30. Rb1 Rxb5 31. Rxb5 Kxc7 32. Rfb1 Bg6 33. Rc1 Bd3 34.
Rb3 Bc4 35. Rbc3 b5 36. Bf1 Bb4 37. R3c2 Ra8 38. Bxc4 bxc4 39. Nh5 Be7 40. Nf4
Kd7 41. Ne2 b5 42. f3 b4 43. e4 b3 44. Rd2 Nb4 45. exd5 exd5 46. Nc3 Kc6 47.
Re2 Nd3 48. Rb1 Kd6 49. Rxe7 Kxe7 50. Nxd5+ Kd6 51. Nb6 Ra2 52. Nxc4+ Kd5 53.
Nb6+ Kxd4 54. Rxb3 Rb2 55. Rxb2 Nxb2 56. Nd7 Ke3 57. Kg2 Nc4 58. Nxf6 Nd2 59.
Nxh7 Nxf3 60. g5 Kf4 61. h4 Nxh4+ 62. Kh3 Ng6 63. Kh2 Nf8 1/2-1/2

[Event "138th New York State Ch. U1800"]
[Site "Colonie,NY"]
[Date "2016.09.03"]
[Round "4"]
[White "Wansor, Austin C"]
[Black "McManus, John R"]
[Result "0-1"]
[WhiteElo "1493"]
[BlackElo "1567"]
[PlyCount "86"]
[EventDate "2016.09.??"]
[EventRounds "6"]
[EventCountry "USA"]

1. d4 d5 2. c4 c6 3. Bg5 h6 4. Bh4 Bf5 5. Nc3 Nf6 6. Bxf6 gxf6 7. cxd5 cxd5 8.
Qb3 e6 9. Qxb7 Nd7 10. e3 Rb8 11. Qxa7 Rxb2 12. Rc1 Bb4 13. Nge2 O-O 14. a3 Ba5
15. g3 Be4 16. Rg1 Bf3 17. g4 Nb8 18. Rg3 Be4 19. f4 Bd3 20. Kf2 Nc6 21. Qc5
Qd7 22. a4 Bb4 23. Qb6 Rb8 24. Qxb8+ Nxb8 25. Nb5 Bxb5 26. axb5 Be7 27. Kf3
Rxb5 28. Nc3 Rb7 29. h4 Rc7 30. g5 Kh7 31. gxh6 f5 32. Bb5 Qd8 33. Rcg1 Bf6 34.
Ne2 Nd7 35. Nc1 Kxh6 36. Rg8 Nf8 37. Nd3 Qd6 38. Ne5 Bxe5 39. fxe5 Qe7 40. R1g5
Ng6 41. Kg3 Rc1 42. R8xg6+ fxg6 43. Kf4 Rh1 0-1

[Event "138th New York State Ch. U1800"]
[Site "Colonie,NY"]
[Date "2016.09.04"]
[Round "4"]
[White "Lionti, Michael P"]
[Black "Steindorf, Monroe L"]
[Result "1-0"]
[WhiteElo "1453"]
[BlackElo "1621"]
[PlyCount "65"]
[EventDate "2016.09.??"]
[EventRounds "6"]
[EventCountry "USA"]

1. d4 Nf6 2. c4 g6 3. Nc3 Bg7 4. Nf3 O-O 5. e4 d6 6. Be3 Bg4 7. Be2 Nc6 8. h3
Bxf3 9. Bxf3 e5 10. d5 Ne7 11. Qd2 c6 12. Bh6 cxd5 13. Bxg7 Kxg7 14. cxd5 Qb6
15. Bg4 Rh8 16. Rc1 Nxg4 17. hxg4 h5 18. gxh5 Rxh5 19. Rxh5 gxh5 20. Qg5+ Ng6
21. Rc2 Rh8 22. Ne2 Qa5+ 23. Kf1 h4 24. f4 f6 25. Qg4 exf4 26. Nxf4 Qb5+ 27.
Re2 Qe8 28. Nh5+ Kf7 29. Rf2 Qb5+ 30. Kg1 Qc5 31. Qe6+ Kf8 32. Qxf6+ Ke8 33.
Qxg6+ 1-0

[Event "138th New York State Ch. U1800"]
[Site "Colonie,NY"]
[Date "2016.09.05"]
[Round "5"]
[White "Alowitz, Arthur L"]
[Black "Rao, Vinay"]
[Result "1-0"]
[WhiteElo "1686"]
[BlackElo "1464"]
[PlyCount "95"]
[EventDate "2016.09.??"]
[EventRounds "6"]
[EventCountry "USA"]

1. e4 c5 2. Nf3 d6 3. g3 Nc6 4. d3 Nf6 5. Bg2 e5 6. O-O Be7 7. Bd2 O-O 8. Nc3
a6 9. a3 Bg4 10. Ne2 Qd7 11. b4 cxb4 12. axb4 b5 13. c3 Bh3 14. Ng5 Bxg2 15.
Kxg2 h6 16. Nf3 Qb7 17. Qb3 Rfd8 18. Kg1 Rf8 19. Nh4 Qc8 20. Kg2 Nh7 21. Ng6
Re8 22. Nxe7+ Nxe7 23. f4 Nf6 24. fxe5 dxe5 25. Bxh6 Qg4 26. Rae1 Ng6 27. Ng1
Rf8 28. Rxf6 gxf6 29. Bxf8 Rxf8 30. Qd1 Qg5 31. Nh3 Qh6 32. Rf1 Kg7 33. Qf3 Ne7
34. Qg4+ Ng6 35. Qf5 Ne7 36. Qd7 Rh8 37. Qg4+ Ng6 38. c4 bxc4 39. dxc4 Rg8 40.
Qf3 Ne7 41. Nf2 Rh8 42. Ng4 Qh3+ 43. Kg1 Ng8 44. Rf2 Kf8 45. Nxf6 Nxf6 46. Qxf6
Rh7 47. c5 Qh5 48. Rd2 1-0